Normal view
MARC view
- الشركات - اداء - مشكلات
Entry Topical Term
001 - CONTROL NUMBER
- control field: 50352
003 - CONTROL NUMBER IDENTIFIER
- control field: JO-AjAnu
005 - DATE AND TIME OF LATEST TRANSACTION
- control field: 20230606082306.0
008 - FIXED-LENGTH DATA ELEMENTS
- fixed length control field: 230606|| aca||aabn | a|a d
040 ## - CATALOGING SOURCE
- Original cataloging agency: JO-AjAnu
- Transcribing agency: JO-AjAnu
150 ## - HEADING--TOPICAL TERM
- Topical term or geographic name entry element: الشركات - اداء - مشكلات
670 ## - SOURCE DATA FOUND
- Source citation: Work cat.: (JO-AjAnu)25742: تاليف الحمصي، رفعت, author 50351, كيف يمكن زيادة الفعالية في اداء الشركات: رؤيا بانورامية لحل المشاكل